[Event "American Continental 13th"]
[Site "Medellin"]
[Date "2017.06.13"]
[Round "5"]
[White "Alvarez, Alvaro"]
[Black "Descarrega Zacarias, Vanessa"]
[Result "1-0"]
[WhiteElo "2077"]
[BlackElo "1883"]
[PlyCount "79"]
[EventDate "2017.06.10"]
[EventType "swiss"]
[EventRounds "11"]
[EventCountry "COL"]
[SourceTitle "CBM 178 Extra"]
[Source "ChessBase"]
[SourceDate "2017.06.22"]
[SourceVersion "1"]
[SourceVersionDate "2017.06.22"]
[SourceQuality "1"]

1. d4 d5 2. Nf3 Nf6 3. c4 c6 4. e3 Nbd7 5. Nc3 e6 6. a3 Be7 7. Bd3 Qc7 8. cxd5 Nxd5 9. Ne2 e5 10. e4 N5f6 11. dxe5 Nxe5 12. Nxe5 Qxe5 13. Qc2 Be6 14. Be3 Rd8 15. 0-0 0-0 16. b4 b6 17. f4 Qh5 18. f5 Ng4 19. Bf4 Bg5 20. h3 Ne3 21. Bxe3 Bxe3+ 22. Kh1 Bc8 23. Rf3 Qh6 24. Rd1 c5 25. Bc4 Rxd1+ 26. Qxd1 Bg5 27. Rd3 cxb4 28. axb4 g6 29. Rg3 Kh8 30. Qa1+ f6 31. Rf3 gxf5 32. exf5 Bb7 33. Rg3 Rd8 34. Qxa7 Qg7 35. Qxb6 Rd1+ 36. Kh2 Qe7 37. h4 Qe4 38. hxg5 Qh4+ 39. Rh3 Qe1 40. Qxf6# 1-0

[Event "American Continental 13th"]
[Site "Medellin"]
[Date "2017.06.12"]
[Round "4"]
[White "Arosemena Torrijos, Franklin Alberto"]
[Black "Alvarez, Alvaro"]
[Result "1-0"]
[WhiteElo "1881"]
[BlackElo "2077"]
[PlyCount "41"]
[EventDate "2017.06.10"]
[EventType "swiss"]
[EventRounds "11"]
[EventCountry "COL"]
[SourceTitle "CBM 178 Extra"]
[Source "ChessBase"]
[SourceDate "2017.06.22"]
[SourceVersion "1"]
[SourceVersionDate "2017.06.22"]
[SourceQuality "1"]

1. e4 c5 2. Nf3 e6 3. d4 cxd4 4. Nxd4 Nf6 5. Nc3 Nc6 6. Nxc6 bxc6 7. Bd3 Qc7 8. 0-0 Rb8 9. Qf3 Bd6 10. h3 h5 11. g3 Rg8 12. Bg5 Rxb2 13. Bxf6 gxf6 14. e5 Bxe5 15. Ne4 f5 16. Nd2 Rb4 17. Rae1 Bxg3 18. Qxf5 Bxf2+ 19. Kh1 Bxe1 20. Qxf7+ Kd8 21. Qf6+ 1-0

[Event "Medellin Easter op 7th"]
[Site "Medellin"]
[Date "2017.04.14"]
[Round "4"]
[White "Blandon, Luis Guillermo"]
[Black "Alvarez, Alvaro"]
[Result "0-1"]
[WhiteElo "2281"]
[BlackElo "2066"]
[PlyCount "76"]
[EventDate "2017.04.12"]
[EventType "swiss"]
[EventRounds "8"]
[EventCountry "COL"]
[SourceTitle "CBM 177 Extra"]
[Source "ChessBase"]
[SourceDate "2017.04.27"]
[SourceVersion "1"]
[SourceVersionDate "2017.04.27"]
[SourceQuality "1"]

1. e4 c5 2. Nf3 e6 3. d4 cxd4 4. Nxd4 Nf6 5. Nc3 Bb4 6. Qd3 d5 7. e5 Nfd7 8. Qg3 Kf8 9. Nxe6+ fxe6 10. Qf4+ Kg8 11. Qxb4 Nxe5 12. Bf4 Nbc6 13. Qb5 Nd4 14. Qa4 Nec6 15. 0-0-0 Qf6 16. Bg3 Bd7 17. Nb5 Nf5 18. Qf4 a6 19. Nc3 Rc8 20. Bd3 Ncd4 21. Bxf5 Nxf5 22. Rhe1 h6 23. Rd3 Kh7 24. Qe5 Qg6 25. Ne2 Nxg3 26. Nf4 Qf7 27. hxg3 g5 28. Nh3 Qg6 29. Rd2 Rhe8 30. f3 Rc4 31. b3 Rc6 32. Nf2 Rec8 33. Ree2 b5 34. Ng4 Rf8 35. Rd1 h5 36. Ne3 Qf6 37. Qxf6 Rxf6 38. Nf1 a5 0-1

[Event "COL-ch Seniors"]
[Site "Bucaramanga"]
[Date "2013.09.29"]
[Round "7"]
[White "Alvarez, Alvaro"]
[Black "Cardona, Gregorio"]
[Result "1-0"]
[WhiteElo "2050"]
[BlackElo "1879"]
[PlyCount "65"]
[EventDate "2013.09.26"]
[EventType "swiss"]
[EventRounds "7"]
[EventCountry "COL"]
[SourceTitle "CBM 156 Extra"]
[Source "ChessBase"]
[SourceDate "2013.10.22"]
[SourceVersion "1"]
[SourceVersionDate "2013.10.22"]
[SourceQuality "1"]

1. d4 Nf6 2. c4 g6 3. Nc3 d5 4. cxd5 Nxd5 5. e4 Nxc3 6. bxc3 Bg7 7. Bc4 0-0 8. Ne2 c5 9. 0-0 Nc6 10. Be3 cxd4 11. cxd4 Bg4 12. f3 Na5 13. Bxf7+ Rxf7 14. fxg4 Rxf1+ 15. Kxf1 Qd6 16. e5 Qe6 17. Nf4 Qd7 18. Rb1 Rd8 19. Qe2 b6 20. h3 Rc8 21. Kg1 Qa4 22. Nd5 Bf8 23. Rf1 e6 24. Nf6+ Kh8 25. Qf2 Qa3 26. h4 h6 27. h5 g5 28. Qf3 Nc4 29. Rc1 Nd6 30. Rxc8 Nxc8 31. Qe4 Qe7 32. Qg6 b5 33. Qg8# 1-0

[Event "COL-ch Seniors"]
[Site "Bucaramanga"]
[Date "2013.09.28"]
[Round "6"]
[White "Maldonado, Hector"]
[Black "Alvarez, Alvaro"]
[Result "1-0"]
[WhiteElo "1961"]
[BlackElo "2050"]
[PlyCount "43"]
[EventDate "2013.09.26"]
[EventType "swiss"]
[EventRounds "7"]
[EventCountry "COL"]
[SourceTitle "CBM 156 Extra"]
[Source "ChessBase"]
[SourceDate "2013.10.22"]
[SourceVersion "1"]
[SourceVersionDate "2013.10.22"]
[SourceQuality "1"]

1. e4 c5 2. c3 Nf6 3. e5 Nd5 4. d4 cxd4 5. cxd4 d6 6. Nf3 dxe5 7. dxe5 e6 8. Bc4 g6 9. Bg5 Qd7 10. 0-0 Bg7 11. Na3 h6 12. Bh4 0-0 13. Qe2 g5 14. Bg3 Nc6 15. Rad1 Qe7 16. Rfe1 Nf4 17. Bxf4 gxf4 18. h3 f5 19. exf6 Bxf6 20. Bxe6+ Bxe6 21. Qxe6+ Qxe6 22. Rxe6 1-0

[Event "COL-ch Seniors"]
[Site "Bucaramanga"]
[Date "2013.09.26"]
[Round "1"]
[White "Alvarez, Alvaro"]
[Black "Arroyave, Jhon Jairo"]
[Result "1-0"]
[WhiteElo "2050"]
[BlackElo "1888"]
[PlyCount "73"]
[EventDate "2013.09.26"]
[EventType "swiss"]
[EventRounds "7"]
[EventCountry "COL"]
[SourceTitle "CBM 156 Extra"]
[Source "ChessBase"]
[SourceDate "2013.10.22"]
[SourceVersion "1"]
[SourceVersionDate "2013.10.22"]
[SourceQuality "1"]

1. d4 d5 2. c4 c6 3. Nc3 Nf6 4. cxd5 cxd5 5. Qb3 Nc6 6. Nf3 a6 7. Bg5 e6 8. e3 Be7 9. Bd3 h6 10. Bh4 0-0 11. 0-0 b5 12. Rad1 Bd7 13. Ne5 Ne8 14. Bg3 Nxe5 15. dxe5 Bh4 16. Bf4 Rc8 17. e4 b4 18. Qxb4 Be7 19. Qb3 Rb8 20. Qc2 d4 21. Ne2 Qb6 22. b3 Nc7 23. Bc4 Bc5 24. a4 Rfd8 25. Rd3 Bc6 26. Rg3 Kh8 27. Nc1 a5 28. Qe2 Ne8 29. Bxh6 Bf8 30. Bg5 g6 31. Bxd8 Rxd8 32. Qg4 Bg7 33. Nd3 Bb7 34. h4 Kg8 35. Re1 Qc7 36. h5 gxh5 37. Qxh5 1-0

[Event "Medellin IRT op"]
[Site "Medellin"]
[Date "2012.08.04"]
[Round "3"]
[White "Alvarez, Alvaro"]
[Black "Vallejo, Humberto"]
[Result "0-1"]
[WhiteElo "2007"]
[BlackElo "2091"]
[PlyCount "56"]
[EventDate "2012.08.03"]
[EventType "swiss"]
[EventRounds "9"]
[EventCountry "COL"]
[SourceTitle "CBM 149 Extra"]
[Source "ChessBase"]
[SourceDate "2012.08.24"]
[SourceVersion "1"]
[SourceVersionDate "2012.08.24"]
[SourceQuality "1"]

1. d4 c5 2. c3 a5 3. e4 e6 4. Bb5 cxd4 5. cxd4 Nf6 6. Nc3 Bb4 7. Qd3 Qb6 8. Nge2 Nxe4 9. Bxd7+ Bxd7 10. Qxe4 f5 11. Qe3 0-0 12. 0-0 Nc6 13. a3 Bd6 14. d5 Bc5 15. Qd2 Ne5 16. dxe6 Qxe6 17. Nf4 Qf7 18. Qd5 Qxd5 19. Nfxd5 Bc6 20. Nc7 Rac8 21. Ne6 Rf6 22. Nxc5 Rg6 23. f3 Nxf3+ 24. Kf2 Nxh2 25. Rg1 Ng4+ 26. Ke2 Rd6 27. Rd1 Re8+ 28. Kf1 Bb5+ 0-1

[Event "Medellin Region U2000"]
[Site "Medellin"]
[Date "2012.03.21"]
[Round "3.1"]
[White "Alvarez, Alvaro"]
[Black "Londono Lopez, David"]
[Result "1-0"]
[WhiteElo "1977"]
[BlackElo "1892"]
[PlyCount "57"]
[EventDate "2012.03.12"]
[EventType "swiss"]
[EventRounds "6"]
[EventCountry "COL"]
[SourceTitle "EXT 2024"]
[Source "ChessBase"]
[SourceDate "2023.10.10"]
[SourceVersion "1"]
[SourceVersionDate "2023.10.10"]
[SourceQuality "1"]

1. d4 Nf6 2. c4 g6 3. Nc3 d5 4. cxd5 Nxd5 5. e4 Nxc3 6. bxc3 Bg7 7. Bc4 c5 8. Ne2 Nc6 9. Be3 0-0 10. 0-0 Na5 11. Bd3 c4 12. Bc2 b5 13. a4 a6 14. d5 Bb7 15. axb5 axb5 16. Rb1 Qd7 17. Nd4 Ba6 18. f4 Nb7 19. f5 Nc5 20. Qd2 Na4 21. Rf3 Rab8 22. Bh6 Qa7 23. Rh3 Bxd4+ 24. cxd4 c3 25. Qe3 Rfc8 26. Bg7 h5 27. Qh6 f6 28. fxg6 Qxd4+ 29. Kh1 1-0

[Event "Monteria op"]
[Site "Monteria"]
[Date "2011.11.13"]
[Round "5"]
[White "Alvarez, Alvaro"]
[Black "Ruiz Aguilar, Pablo Alexander"]
[Result "0-1"]
[WhiteElo "1957"]
[BlackElo "2294"]
[PlyCount "94"]
[EventDate "2011.11.12"]
[EventType "swiss"]
[EventRounds "7"]
[EventCountry "COL"]
[SourceTitle "EXT 2012"]
[Source "ChessBase"]
[SourceDate "2011.11.24"]
[SourceVersion "1"]
[SourceVersionDate "2011.11.24"]
[SourceQuality "1"]

1. d4 d5 2. Nf3 Nf6 3. g3 g6 4. Bg2 Bg7 5. 0-0 0-0 6. Ne5 c6 7. c3 Ne8 8. f4 f6 9. Nd3 Nd6 10. Nd2 Bf5 11. h3 Bxd3 12. exd3 e5 13. fxe5 fxe5 14. Rxf8+ Qxf8 15. dxe5 Bxe5 16. Qe1 Nf7 17. Nf3 Bd6 18. Be3 Nd7 19. Qf2 Qb8 20. Kh2 Nf6 21. Nd4 Nh5 22. Ne2 Ne5 23. Rd1 Qc7 24. Bh6 Nf7 25. Bc1 Rf8 26. Qe3 Qd7 27. Kg1 Re8 28. Qf2 Qc7 29. Nf4 Nxf4 30. gxf4 Nh6 31. Rf1 a6 32. c4 dxc4 33. dxc4 Qe7 34. Kh1 Bc5 35. Qf3 Nf5 36. Bd2 Qe2 37. Bc3 Qxc4 38. Be5 Bd4 39. Re1 Bxb2 40. Bf1 Qd5 41. Re4 Qxe4 42. Qxe4 Ng3+ 43. Kg2 Nxe4 44. Bxb2 h5 45. Be5 Kh7 46. Bd3 Nc5 47. Bc2 Nd7 0-1

[Event "Monteria op"]
[Site "Monteria"]
[Date "2011.11.13"]
[Round "4"]
[White "Garcia Alarcon, Alvaro"]
[Black "Alvarez, Alvaro"]
[Result "1/2-1/2"]
[WhiteElo "2212"]
[BlackElo "1957"]
[PlyCount "70"]
[EventDate "2011.11.12"]
[EventType "swiss"]
[EventRounds "7"]
[EventCountry "COL"]
[SourceTitle "EXT 2012"]
[Source "ChessBase"]
[SourceDate "2011.11.24"]
[SourceVersion "1"]
[SourceVersionDate "2011.11.24"]
[SourceQuality "1"]

1. d4 Nf6 2. c4 e6 3. a3 b6 4. Nc3 Bb7 5. Bg5 d5 6. e3 Nbd7 7. Nf3 Be7 8. Be2 dxc4 9. Bxc4 Ne4 10. Bxe7 Qxe7 11. Qc2 Nxc3 12. Qxc3 0-0 13. b4 a5 14. 0-0 axb4 15. axb4 Bxf3 16. gxf3 c5 17. dxc5 bxc5 18. b5 Rab8 19. Ra7 Qg5+ 20. Kh1 Qh5 21. Be2 Nb6 22. Rg1 g6 23. Rg4 c4 24. Qb4 Rbc8 25. Ra6 c3 26. Rg1 Rc4 27. Qd6 Nd5 28. Rc6 Rb4 29. Re1 Rb2 30. Kg1 Rd2 31. Qg3 Nb4 32. Rxc3 Nc2 33. Rc1 Rxe2 34. R3xc2 Rxc2 35. Rxc2 Qxb5 1/2-1/2

[Event "Antioquia Region-ch Seniors"]
[Site "Medellin"]
[Date "2011.07.??"]
[Round "3.6"]
[White "Zuluaga, Silvio"]
[Black "Alvarez, Alvaro"]
[Result "0-1"]
[WhiteElo "1685"]
[BlackElo "1943"]
[PlyCount "80"]
[EventDate "2011.07.18"]
[EventType "tourn"]
[EventRounds "7"]
[EventCountry "COL"]
[SourceTitle "EXT 2024"]
[Source "ChessBase"]
[SourceDate "2023.10.10"]
[SourceVersion "1"]
[SourceVersionDate "2023.10.10"]
[SourceQuality "1"]

1. e4 c5 2. Nc3 e6 3. Nf3 a6 4. d4 cxd4 5. Nxd4 b5 6. a3 Bb7 7. Be2 Nf6 8. Bf3 d5 9. exd5 Nxd5 10. Nxd5 Bxd5 11. 0-0 Ra7 12. Be3 Rd7 13. Re1 Be7 14. c3 0-0 15. Bxd5 Rxd5 16. Qf3 Qd7 17. h3 a5 18. b4 a4 19. Rac1 Rc8 20. Bf4 Bf6 21. Qg3 Nc6 22. Nxc6 Qxc6 23. Be5 Bxe5 24. Rxe5 Rxe5 25. Qxe5 f6 26. Qe2 e5 27. f3 Kf7 28. Kf2 Qc4 29. Qxc4+ Rxc4 30. Ke3 f5 31. g3 g5 32. g4 h5 33. gxh5 Rh4 34. Kf2 Rxh3 35. c4 bxc4 36. Rxc4 Rxh5 37. b5 Rh2+ 38. Kg3 Rb2 39. Rc5 Ke6 40. Rc6+ Kd5 0-1

[Event "Medellin op Experts"]
[Site "Medellin"]
[Date "2011.04.21"]
[Round "3.3"]
[White "Alvarez, Alvaro"]
[Black "Valderrama Castano, Julian Camilo"]
[Result "0-1"]
[WhiteElo "1943"]
[BlackElo "1995"]
[PlyCount "66"]
[EventDate "2011.04.20"]
[EventType "swiss"]
[EventRounds "9"]
[EventCountry "COL"]
[SourceTitle "EXT 2024"]
[Source "ChessBase"]
[SourceDate "2023.10.10"]
[SourceVersion "1"]
[SourceVersionDate "2023.10.10"]
[SourceQuality "1"]

1. d4 f5 2. c4 Nf6 3. Nc3 c6 4. g3 e6 5. a3 Ne4 6. Nxe4 fxe4 7. Bg2 d5 8. c5 e5 9. e3 Nd7 10. Ne2 Be7 11. 0-0 0-0 12. b4 Qe8 13. Bb2 Bf6 14. Qb3 Kh8 15. f3 exf3 16. Rxf3 e4 17. Rf2 g5 18. g4 Bg7 19. Ng3 Rxf2 20. Kxf2 Nf6 21. h3 h5 22. gxh5 Nxh5 23. Qd1 Qf7+ 24. Bf3 Nxg3 25. Kxg3 exf3 26. Qxf3 Qxf3+ 27. Kxf3 Bxh3 28. Kg3 g4 29. a4 Rf8 30. Re1 Rf3+ 31. Kh4 Bf6+ 32. Kh5 Kh7 33. e4 dxe4 0-1

[Event "Medellin Easter op"]
[Site "Medellin"]
[Date "2010.03.31"]
[Round "1"]
[White "Jaramillo, Gabriel"]
[Black "Alvarez, Alvaro"]
[Result "0-1"]
[WhiteElo "2198"]
[BlackElo "1930"]
[PlyCount "40"]
[EventDate "2010.03.31"]
[EventType "swiss"]
[EventRounds "9"]
[EventCountry "COL"]
[SourceTitle "CBM 135 Extra"]
[Source "ChessBase"]
[SourceDate "2010.05.04"]
[SourceVersion "1"]
[SourceVersionDate "2010.05.04"]
[SourceQuality "1"]

1. c4 Nf6 2. Nc3 e6 3. Nf3 d5 4. cxd5 exd5 5. e3 Bd6 6. g3 0-0 7. Bg2 Bg4 8. Qc2 Qd7 9. 0-0 Na6 10. a3 Bf5 11. d3 Nc5 12. Ne1 c6 13. b4 Ne6 14. Bb2 a5 15. bxa5 Rxa5 16. f3 d4 17. e4 dxc3 18. Bxc3 Rc5 19. exf5 Nd4 20. Qb2 Rxc3 0-1